[Event "FIDE Chesscom Grand Swiss 2021"]
[Site "Riga"]
[Date "2021.10.28"]
[Round "2.11"]
[White "Aronian, Levon"]
[Black "Niemann, Hans Moke"]
[Result "1-0"]
[WhiteElo "2782"]
[BlackElo "2638"]
[Annotator "TA"]
[PlyCount "83"]
[EventDate "2021.10.27"]
[EventType "swiss"]
[EventCountry "LAT"]
[Tiebreak "Cut1 Buchholz+Sonneborn-Berger (Swiss)"]
[SourceTitle "playchess.com"]
[Source "ChessBase"]
[SourceQuality "1"]

{[%evp 12,83,13,18,12,15,20,19,22,24,30,15,18,12,16,20,25,4,42,36,43,45,36,33,
45,33,42,45,39,41,33,24,63,69,72,75,72,75,50,75,72,56,80,58,74,62,81,71,72,77,
79,72,74,81,80,69,225,212,343,321,305,296,431,310,400,384,610,610,610,610,610,
610,610,562]} 1. e4 e5 2. Nf3 Nc6 3. Bc4 Nf6 4. d3 Bc5 5. O-O d6 6. c3 O-O 7.
Re1 h6 {C54: Giuoco Piano: 4 c3 Nf6, main lines with 5 d4 and 5 d3.} 8. Nbd2 {
[%cal Bb1d2,Bd2f1,Bf1g3][%mdl 32]} a6 9. a4 $1 {[%mdl 4] outshines the older 9.
Bb3.} Ba7 {The position is equal.} 10. Nf1 Re8 11. Ng3 Be6 12. Bxe6 Rxe6 13. b4
{[%cal Bb2b4,Bb4b5][%mdl 32]} d5 14. Qc2 {[#]} d4 $146 ({Predecessor:} 14...
dxe4 15. dxe4 Ne7 16. Bb2 c5 17. Rad1 Qb6 18. a5 Qc6 19. Qb3 Ng6 20. Bc1 Ng4 {
1/2-1/2 (67) Duda,J (2757)-Karjakin,S (2752) Chess.com INT 2020}) 15. b5 Ne7
16. cxd4 Bxd4 17. Nxd4 Qxd4 18. Rb1 axb5 19. axb5 Qd7 20. Be3 b6 21. h3 Ra5 22.
Red1 Rd6 23. d4 Rxb5 24. Rxb5 Qxb5 25. Qxc7 {[%mdl 64] [#] Double Attack} Rd7
26. Qc3 h5 27. f3 exd4 28. Rxd4 h4 {Threatens to win with ...Rxd4.} 29. Nf1
Rxd4 30. Qxd4 Nd7 31. Bf2 Ng6 32. Ne3 Nf4 {aiming for ...Ne2+.} 33. Qd6 g5 {
Loses the game.} (33... Ne2+ $1 $14 34. Kh1 Kh7) 34. Qe7 $18 Ne2+ (34... Ne6
$142 35. Qe8+ Nef8) 35. Kh1 Ng3+ {[#]} 36. Kh2 $1 Nf8 (36... Qe5 {keeps
fighting.} 37. Qxd7 Nxe4+ 38. Kg1 Nxf2 39. Kxf2 b5) 37. Nf5 {[%mdl 64] Decoy}
Nxf5 38. Qxg5+ {[%mdl 64] Double Attack, Pin} ({And not} 38. exf5 Qxf5 39. Bxb6
Qf4+ 40. Kh1 Qc1+ 41. Bg1 Ne6 $11) 38... Ng6 (38... Kh8 $142 39. exf5 Qe5+ 40.
f4 Qe4 41. Qxh4+ Kg8 42. Qg5+ Kh8 43. Bxb6 Nh7 44. Qd8+ Kg7 45. Qd4+ Qxd4 46.
Bxd4+ Kh6) 39. exf5 {[%mdl 64] Pin. White is clearly winning.} Qe5+ 40. Kh1 Qf4
41. Qg4 Qxg4 42. fxg4 {Weighted Error Value: White=0.07/Black=0.27} 1-0

[Event "FIDE Chesscom Grand Swiss 2021"]
[Site "Riga"]
[Date "2021.10.28"]
[Round "2.12"]
[White "Vachier-Lagrave, Maxime"]
[Black "Tabatabaei, M. Amin"]
[Result "1-0"]
[WhiteElo "2763"]
[BlackElo "2639"]
[Annotator "TA"]
[PlyCount "65"]
[EventDate "2021.10.27"]
[EventType "swiss"]
[EventCountry "LAT"]
[Tiebreak "Cut1 Buchholz+Sonneborn-Berger (Swiss)"]
[SourceTitle "playchess.com"]
[Source "ChessBase"]
[SourceQuality "1"]

{[%evp 16,65,39,15,11,14,20,15,11,-10,-15,-15,-7,-16,0,-12,0,-41,89,80,114,131,
176,167,153,153,388,349,361,343,454,445,443,435,636,629,599,582,689,675,647,
638,595,454,722,704,562,559,1683,1512,4156,2341]} 1. e4 e5 2. Nf3 Nc6 3. Bb5
Nf6 4. O-O Nxe4 5. d4 Nd6 6. Bxc6 dxc6 7. dxe5 Nf5 8. Qxd8+ Kxd8 9. h3 Be7 {
9...Bd7 is a critical line. C67: Ruy Lopez: Berlin Defence: 4 0-0 Nxe4.} 10.
Nc3 Nh4 11. Nxh4 Bxh4 {The position is equal.} 12. f4 $5 {[%mdl 4] Exploring
less charted territory.} Bf5 13. Rd1+ Ke8 14. g4 {[#]} Bc8 $146 ({Avoid the
trap} 14... Bxc2 $2 15. Rd2 $18) ({Predecessor:} 14... Bd7 15. Ne4 b6 16. f5 c5
17. Bg5 Bxg5 18. Nxg5 Bc6 {1-0 (63) Shevchenko,K (2592)-Lysyj,I (2594) Chess.
com INT 2020}) 15. Kg2 h5 16. f5 Be7 (16... g6 $15 {keeps the upper hand.}) 17.
Kg3 $1 $16 hxg4 18. hxg4 Bh4+ 19. Kf3 Be7 20. Bf4 g6 $2 {Loses the game.} (
20... b6 $16 21. Rh1 Rg8) 21. Rh1 $18 Rg8 {[#]} 22. f6 {[%cal Rf6e7]} Bb4 {[#]}
23. Ne4 {White is clearly winning.} Be6 24. a3 Ba5 (24... Bf8 $142 25. Rh7 Rd8)
25. Ng5 Bd5+ 26. Kg3 Bxh1 27. Rxh1 Rf8 28. Rh7 Bb6 29. c3 Rd8 (29... Bc5 $142
30. b4 Be7 31. fxe7 Kxe7) 30. e6 Rd3+ 31. Kg2 Be3 {[#]} 32. e7 $1 Rg8 (32...
Bc5 33. exf8=N) 33. Nxf7 {Weighted Error Value: White=0.11/Black=0.53} 1-0

[Event "FIDE Chesscom Grand Swiss 2021"]
[Site "Riga"]
[Date "2021.10.28"]
[Round "2.13"]
[White "Kovalev, Vladislav"]
[Black "Vitiugov, Nikita"]
[Result "1/2-1/2"]
[WhiteElo "2634"]
[BlackElo "2727"]
[Annotator "TA"]
[PlyCount "61"]
[EventDate "2021.10.27"]
[EventType "swiss"]
[EventCountry "LAT"]
[Tiebreak "Cut1 Buchholz+Sonneborn-Berger (Swiss)"]
[SourceTitle "playchess.com"]
[Source "ChessBase"]
[SourceQuality "1"]

{[%evp 9,61,15,26,25,19,13,21,10,26,22,6,5,16,10,8,12,8,15,3,11,18,12,6,12,11,
17,6,8,9,23,14,10,0,17,10,0,5,0,18,10,27,12,35,37,35,29,23,27,29,17,15,0,24,28]
} 1. e4 c5 2. Nf3 d6 3. Bb5+ Nd7 4. O-O a6 5. Bd3 Ngf6 6. Re1 {B51: Sicilian:
Moscow Variation (3 Bb5+) without 3...Bd7.} e6 7. c3 b5 8. Bc2 {The position
is equal.} c4 9. a4 Bb7 10. d4 {The main line 10.d4 scores better than 10.axb5.
} cxd3 11. Qxd3 Nc5 12. Qe2 bxa4 13. e5 dxe5 14. Nxe5 Bd6 15. Nd2 {[%cal Bb1d2,
Bd2c4,Bc4a3][%mdl 32]} Bxe5 16. Qxe5 Nd3 17. Bxd3 Qxd3 18. Rxa4 O-O {[#]} 19.
Rd4 $146 ({Predecessor:} 19. Nb3 Bd5 20. Na5 Rfc8 21. Rd4 Qg6 22. Qg3 Rc5 23.
Qxg6 hxg6 24. Ra4 Rb8 25. c4 {1-0 (41) Amin,B (2709)-Van Wely,L (2622) Germany
2018}) 19... Qb5 20. Nc4 Rfd8 21. Red1 Rd5 22. Rxd5 Bxd5 23. Na3 Qb7 (23... Qc6
{is more complex.} 24. f3 Ne8 25. Qe2 Rc8 26. Bf4 f6) 24. f3 Nd7 25. Qd4 Nf8
26. c4 Bc6 27. Be3 Ng6 28. Qb6 Qc8 29. Rd2 h6 30. b4 Be8 31. Qc5 {Weighted
Error Value: White=0.03/Black=0.04} 1/2-1/2

[Event "FIDE Chesscom Grand Swiss 2021"]
[Site "Riga"]
[Date "2021.10.28"]
[Round "2.14"]
[White "Esipenko, Andrey"]
[Black "Moussard, Jules"]
[Result "1/2-1/2"]
[WhiteElo "2720"]
[BlackElo "2632"]
[Annotator "TA"]
[PlyCount "70"]
[EventDate "2021.10.27"]
[EventType "swiss"]
[EventCountry "LAT"]
[Tiebreak "Cut1 Buchholz+Sonneborn-Berger (Swiss)"]
[SourceTitle "playchess.com"]
[Source "ChessBase"]
[SourceQuality "1"]

{[%evp 14,70,0,0,15,0,0,-21,0,0,0,0,0,0,0,-20,0,-30,-35,-79,-79,-84,-55,-97,
-70,-81,-70,-160,6,-29,-20,-24,-25,-170,-169,-341,-50,-56,-47,-370,-373,-1132,
0,0,0,0,0,0,0,0,0,0,0,0,0,0,0,0,0]} 1. e4 e5 2. Nf3 Nf6 3. d4 Nxe4 4. Bd3 d5 5.
Nxe5 Nd7 6. Nc3 Nxc3 7. bxc3 Nxe5 8. dxe5 Bc5 {C43: Petroff Defence: 3 d4.} 9.
O-O $1 {9.0-0 scores better than 9.Qh5.} O-O 10. Kh1 {[#]} (10. Qh5 {keeps
more tension.} g6 11. Qh6 Re8 12. Bg5 Be7 13. Bxe7 Qxe7 14. f4) 10... Qe7 $146
({Predecessor:} 10... c6 11. Qh5 g6 12. Qh6 Be7 13. f4 f5 14. c4 Be6 15. cxd5
Qxd5 16. Be3 c5 {0-1 (35) Konguvel,P (2374)-Swapnil,S (2501) Udaipur 2019}) 11.
f4 f6 12. exf6 Qxf6 13. f5 Bd7 14. Qh5 h6 15. Bd2 Rae8 16. Rf3 Bd6 17. g4 Qf7
18. Qh3 d4 {...dxc3 is the strong threat.} 19. cxd4 Qd5 20. g5 (20. c3 $15)
20... g6 $2 (20... hxg5 $1 $17 {Hoping for ...Bc6.} 21. Bxg5 Qxd4) 21. Qg2 Rxf5
22. Bxf5 Bxf5 23. Raf1 ({Wrong is} 23. gxh6 $2 Be4 $19) (23. c4 $11 {and White
is okay.} Qxd4 24. Rxf5 gxf5 25. gxh6+ Kh8 26. Rf1) 23... Be4 $1 $19 {[%mdl 64]
And now ...Rf8 would win. Skewer} 24. gxh6 $2 (24. Kg1 {was the only defense.})
24... Kh7 $2 (24... Rf8 $1 $19 {[%cal Rf8f3]} 25. Kg1 Rf7 $1 {[%mdl 64] Pin})
25. Rf7+ $15 Kh8 26. R7f3 $2 {[%mdl 8192] [#]} Rf8 $1 $19 {[%cal Rf8f3][%mdl
576] Pin} 27. c4 $2 (27. Rxf8+ Bxf8 28. Rxf8+ Kh7 29. Rf2 (29. Rf7+ $2 Qxf7 30.
Kg1 Bxg2 $19)) 27... Bxf3 $2 ({Better is} 27... Rxf3 $19 28. Rxf3 Qh5 {[%mdl
64] Pin}) 28. cxd5 $11 {The position is equal.} Bxg2+ {[%mdl 64] Discovered
Attack} 29. Kxg2 Rxf1 30. Kxf1 Bxh2 $19 {KB-KB} 31. Ke2 b5 32. Kd3 Kh7 33. Kc2
Bd6 34. Kb3 a6 35. a4 Bf8 {Weighted Error Value: White=0.68/Black=0.35} 1/2-1/2

[Event "FIDE Chesscom Grand Swiss 2021"]
[Site "Riga"]
[Date "2021.10.28"]
[Round "2.15"]
[White "Dreev, Aleksey"]
[Black "Harikrishna, Pentala"]
[Result "1-0"]
[WhiteElo "2635"]
[BlackElo "2719"]
[Annotator "TA"]
[PlyCount "79"]
[EventDate "2021.10.27"]
[EventType "swiss"]
[EventCountry "LAT"]
[Tiebreak "Cut1 Buchholz+Sonneborn-Berger (Swiss)"]
[SourceTitle "playchess.com"]
[Source "ChessBase"]
[SourceQuality "1"]

{[%evp 13,79,0,-2,2,47,27,27,33,59,43,37,10,21,4,50,45,49,57,42,29,28,32,16,2,
56,41,111,51,63,37,150,146,145,150,141,147,186,180,225,221,257,253,422,419,588,
386,393,354,447,438,439,441,1028,1022,29986,29980,29984,29985,29987,29988,
29981,29969,29965,29965,7202,5306,2381,2110]} 1. d4 Nf6 2. c4 g6 3. Nc3 d5 4.
Nf3 Bg7 5. Bf4 O-O 6. Rc1 dxc4 7. e3 Be6 8. Ng5 {D92: Grünfeld: 4 Nf3 Bg7 5
Bf4.} Bg4 (8... Bd5 $5) 9. f3 Bc8 10. Bxc4 {[#] White has an edge.} Nc6 $146 ({
Predecessor:} 10... c6 11. O-O h6 12. Nge4 Nd5 13. Bxd5 cxd5 14. Nf2 Nc6 15.
Qb3 g5 16. Bg3 h5 {1/2-1/2 (29) Landa,K (2640)-Kasimdzhanov,R (2699) Germany
2013}) 11. Bg3 e6 12. f4 Na5 13. Be2 c5 14. dxc5 Nd5 15. Nxd5 exd5 16. b4 Nc4
17. Bxc4 dxc4 18. O-O Bd7 (18... Qxd1 $11 19. Rfxd1 Bg4) 19. Ne4 $14 (19. Rxc4
Bb5 $15) 19... a5 {[#]} ({Black should play} 19... b5 $1 $14) 20. Bh4 $1 {
[%mdl 512]} Qc7 21. Bf6 {Strongly threatening Qd4.} (21. Rxc4 Bb5 $15) 21...
Bc6 {White now steadily converts the win.} (21... Rfe8 $1 $14 22. Bxg7 Rxe4)
22. Bxg7 $16 Kxg7 {[#]} 23. Qd4+ $1 (23. Rxc4 $6 axb4 24. Rxb4 Bxe4 $16) 23...
f6 24. b5 ({But not} 24. Rxc4 $6 Bb5 $14) (24. Qxc4 $6 Qe7 $11) 24... Bxb5 25.
Nd6 $36 {[%mdl 2048] White has strong initiative.} Ba6 26. Rb1 ({And not} 26.
Nxc4 Rad8 $17) 26... Rfd8 27. f5 {Threatens to win with fxg6.} g5 (27... Qe7 {
keeps fighting.} 28. fxg6 hxg6) 28. h4 $18 h6 (28... g4 $142 29. h5 Qe7) 29.
Rb6 Qe7 30. Rf3 Rd7 31. hxg5 hxg5 32. Rg3 {aiming for Rxg5+.} Kh7 (32... Qe5
$142 33. Qxe5 fxe5) 33. Qg4 Kg7 34. Ne4 Rad8 35. Nxg5 Rd1+ 36. Kh2 fxg5 37. f6+
Qxf6 38. Rxf6 Rh8+ 39. Rh3 Rxh3+ 40. Qxh3 {Weighted Error Value: White=0.13/
Black=0.57} 1-0

[Event "FIDE Chesscom Grand Swiss 2021"]
[Site "Riga"]
[Date "2021.10.28"]
[Round "2.16"]
[White "Dubov, Daniil"]
[Black "Erigaisi Arjun"]
[Result "1/2-1/2"]
[WhiteElo "2714"]
[BlackElo "2634"]
[Annotator "TA"]
[PlyCount "74"]
[EventDate "2021.10.27"]
[EventType "swiss"]
[EventCountry "LAT"]
[Tiebreak "Cut1 Buchholz+Sonneborn-Berger (Swiss)"]
[SourceTitle "playchess.com"]
[Source "ChessBase"]
[SourceQuality "1"]

{[%evp 13,74,-2,0,-14,13,-9,0,-3,10,-9,0,0,0,0,4,-33,-31,-37,-15,-17,-11,-8,-4,
-27,-13,-29,-37,-36,0,0,0,0,43,52,63,0,0,0,0,0,0,0,0,0,0,0,0,0,0,0,0,0,0,0,0,0,
0,0,0,0,0,0,0]} 1. d4 d5 2. c4 e6 3. Nc3 Bb4 4. e3 Nf6 5. Nf3 O-O 6. Bd2 b6 7.
cxd5 exd5 8. Bd3 {E51: Nimzo-Indian: Rubinstein: 4...0-0 5 Nf3 d5.} c5 9. h3 {
[#]} Ba6 $146 ({Predecessor:} 9... Nc6 10. a3 Ba5 11. O-O Bb7 12. Rc1 Bxc3 13.
Bxc3 c4 14. Bc2 b5 15. Ne5 a5 {1-0 (32) Bluebaum,M (2646)-Firman Syah,F Chess.
com INT 2020}) 10. Bxa6 Nxa6 11. O-O Ne4 12. Rc1 Bxc3 13. Bxc3 c4 14. Be1 b5
15. Nd2 Re8 16. Nxe4 Rxe4 17. b3 Nb8 18. Qh5 Nc6 19. Bd2 g6 20. Qf3 h5 21. Rb1
Rb8 22. Rb2 Qc7 23. Rfb1 Rb6 24. bxc4 ({White should try} 24. a4 $1 $14) 24...
bxc4 $11 {The position is equal.} 25. Rxb6 axb6 26. Rb5 Qd8 27. a4 Na7 28. Rb4
Nc6 29. Rb5 Na7 30. Rb4 Qc7 31. Bc3 Qc6 32. Qd1 Re6 33. Qb1 Nc8 34. Rb5 Na7 35.
Rb4 Nc8 36. Rb5 Na7 37. Rb4 Nc8 {Weighted Error Value: White=0.06/Black=0.06}
1/2-1/2

[Event "FIDE Chesscom Grand Swiss 2021"]
[Site "Riga"]
[Date "2021.10.28"]
[Round "2.17"]
[White "Fedoseev, Vladimir"]
[Black "Yilmaz, Mustafa"]
[Result "1-0"]
[WhiteElo "2704"]
[BlackElo "2626"]
[Annotator "TA"]
[PlyCount "109"]
[EventDate "2021.10.27"]
[EventType "swiss"]
[EventCountry "LAT"]
[Tiebreak "Cut1 Buchholz+Sonneborn-Berger (Swiss)"]
[SourceTitle "playchess.com"]
[Source "ChessBase"]
[SourceQuality "1"]

{[%evp 10,109,24,-18,0,0,0,0,0,0,1,0,4,0,12,-13,0,0,43,50,68,39,46,54,49,38,71,
75,110,92,93,84,105,56,78,89,133,134,152,62,93,75,87,48,63,70,95,95,104,102,
112,94,136,116,153,125,124,107,151,143,187,193,254,245,250,221,220,172,200,178,
171,160,182,171,172,190,190,168,166,147,155,139,148,134,160,112,214,147,153,
147,156,165,478,500,427,383,427,427,917,835,954,930]} 1. e4 c5 2. Nf3 d6 3. d4
cxd4 4. Nxd4 Nf6 5. Nc3 a6 6. Rg1 Nc6 {B90: Sicilian Najdorf: Unusual White
6th moves, 6 Be3 Ng4 and 6 Be3 e5.} 7. g4 h6 8. h3 {[#]} Nxd4 $146 {The
position is equal.} ({Predecessor:} 8... e6 9. Be3 Be7 10. Qe2 Qc7 11. O-O-O
Bd7 12. f4 Nxd4 13. Rxd4 e5 14. Rc4 Qa5 {1-0 (24) Paravyan,D (2653)-Rodchenkov,
S (2346) Chess.com INT 2020}) 9. Qxd4 e5 10. Qd3 Be6 11. Bd2 Qb6 12. Qg3 Qc6
13. Bd3 g5 14. h4 Rg8 15. hxg5 hxg5 16. f3 Be7 17. Rh1 Nd7 18. O-O-O Bd8 19.
Kb1 Ba5 20. Qe1 Rc8 21. Ne2 Bxd2 22. Qxd2 Qb6 23. Ng3 Nf6 24. Nf1 ({White
should try} 24. c3 $16) 24... Ke7 25. Rh6 Qc5 26. c4 (26. Ng3 {with more
complications.} Rcd8 27. a3 b5 28. Be2 d5 29. Qe1) 26... Qb6 27. Rc1 {[%cal
Bd1c1,Bc1c3,Bc3d3][%mdl 32]} Qd4 28. Ne3 Qc5 29. Rhh1 Qb6 30. Rhd1 Qd4 31. Rc3
Rc6 32. Qc1 Qb6 33. Bc2 Rcc8 34. Qd2 Rgd8 35. Rd3 Qc7 (35... Qc5 $142 36. Bb3
Rc6 37. Nd5+ {[%mdl 64] Discovered Attack} Bxd5) 36. Bb3 $18 Rd7 {[#]} 37. Ba4
$1 {[%cal Ra4d7]} Rdd8 38. Ka1 Qb6 39. b4 Qc7 40. Bb3 Rd7 41. Nf5+ Bxf5 42.
exf5 Rg8 43. Ba4 Rdd8 44. Qe3 {[#] Rxd6! is the strong threat.} Kf8 45. Bb3 $36
{[%mdl 2048] White is on the roll.} Rd7 46. Kb2 b6 47. R3d2 Rg7 (47... a5 $16 {
might work better.}) 48. Rc2 Rg8 49. Rh1 Rd8 50. Rh6 Ke7 (50... Qe7 {is a
better chance.} 51. Qxb6 e4) 51. c5 bxc5 52. bxc5 Rd7 53. Re2 {White is
clearly winning.} Qd8 (53... Qa5 $142 54. Kb1 Qb5) 54. cxd6+ Rxd6 55. Qa7+ {
Weighted Error Value: White=0.11/Black=0.24} 1-0

[Event "FIDE Chesscom Grand Swiss 2021"]
[Site "Riga"]
[Date "2021.10.28"]
[Round "2.18"]
[White "Zhou, Jianchao"]
[Black "Yu, Yangyi"]
[Result "0-1"]
[WhiteElo "2629"]
[BlackElo "2704"]
[Annotator "TA"]
[PlyCount "120"]
[EventDate "2021.10.27"]
[EventType "swiss"]
[EventCountry "LAT"]
[Tiebreak "Cut1 Buchholz+Sonneborn-Berger (Swiss)"]
[SourceTitle "playchess.com"]
[Source "ChessBase"]
[SourceQuality "1"]

{[%evp 12,120,11,18,17,21,14,8,16,6,35,19,33,42,53,47,39,35,35,28,35,36,43,41,
50,27,31,0,0,0,0,2,1,-1,0,0,0,0,0,0,0,0,0,0,0,-26,-26,-26,-18,-52,-41,-50,-19,
-31,-20,-41,-34,-21,-27,-36,-40,-68,-68,-62,-73,-113,-117,-119,-126,-129,-123,
-123,-114,-115,-125,-117,-127,-115,-95,-230,-235,-227,-235,-349,-349,-345,-316,
-356,-422,-583,-589,-591,-591,-593,-531,-394,0,-587,-560,-529,-426,-1151,-1070,
-29970,-29971,-29972,-29973,-29976,-29977,-29976,-29977]} 1. d4 Nf6 2. c4 e6 3.
Nf3 d5 4. Nc3 Bb4 5. Qa4+ Nc6 6. e3 O-O 7. Bd2 Re8 {D38: Queen's Gambit
Declined: Ragozin Defence (4 Nf3 Bb4).} 8. a3 Bf8 9. Be2 {[#]} h6 $5 $146 {
[%mdl 8] The position is equal. New and interesting.} ({Predecessor:} 9... a6
10. O-O Rb8 11. Rac1 dxc4 12. Qxc4 e5 13. d5 Ne7 14. e4 Ng6 15. Rfd1 Bd6 {
0-1 (59) Lushenkov,M (2703)-Pichot,A (2904) Chess.com INT 2019}) 10. O-O a6 11.
Rfd1 dxc4 12. Qxc4 e5 13. Nxe5 Nxe5 14. dxe5 Rxe5 15. e4 Be6 16. Qa4 {Bf4 is
the strong threat.} Qe8 17. Qc2 Rc5 18. Be3 Rc6 $1 19. Bf3 Bg4 $1 20. Qe2 Bxf3
21. Qxf3 Qe6 22. Bd4 Re8 {[%cal Rf6e4]} 23. Bxf6 Qxf6 24. Qxf6 Rxf6 25. f3 Rb6
26. b4 Rc6 27. Nd5 Rc2 28. Rac1 Rxc1 29. Rxc1 $11 {[%mdl 4096] Endgame KRB-KRN}
c6 30. Nb6 Rd8 $1 31. Rc3 g5 {Threatens to win with ...Bg7.} 32. Kf1 Bg7 33.
Rc2 Rd1+ 34. Ke2 Rg1 35. g4 Rh1 36. Kd3 Ra1 37. Nc4 b5 38. Na5 Rxa3+ 39. Ke2 c5
$1 {[%cal Rc5b4]} 40. Rxc5 {[#]} Bf8 $1 {[%cal Rf8c5]} 41. Rd5 Bxb4 42. Nc6
Ra2+ 43. Ke3 Ba3 44. Nd4 Rxh2 45. e5 {[#]} (45. Rd8+ $17 {keeps fighting.} Kg7
46. Nf5+ Kf6 47. Rc8) 45... Bb2 $1 $19 46. Rd8+ Kh7 47. Ra8 (47. Rb8 {might
work better.}) 47... Bxd4+ 48. Kxd4 {KR-KR} Ra2 49. e6 fxe6 50. Ke5 Kg6 51.
Kxe6 {intending Rg8+.} Ra3 52. Ke5 Re3+ 53. Kd5 Ra3 (53... Rxf3 $19 {Strongly
threatening ...Rf6.} 54. Rxa6+ Rf6) 54. Ke4 $2 {[%mdl 8192]} (54. Ke5 $1 $11 {
and White stays safe.} b4 55. Ke4) 54... b4 {[%cal Bb5b4,Bb4b3,Bb3b2][%mdl 32]}
55. Rb8 b3 56. Rb6+ (56. Kd4 $142 a5 57. Rb6+ Kg7 58. Rb7+ Kg6 59. Rb6+ Kf7 60.
Kc3) 56... Kf7 57. Rxh6 Ra4+ {Black mates.} 58. Kd3 Rb4 59. Rh1 b2 60. Rb1 Kf6
{Weighted Error Value: White=0.42/Black=0.14} 0-1

[Event "FIDE Chesscom Grand Swiss 2021"]
[Site "Riga"]
[Date "2021.10.28"]
[Round "2.19"]
[White "Keymer, Vincent"]
[Black "Xiong, Jeffery"]
[Result "1-0"]
[WhiteElo "2630"]
[BlackElo "2700"]
[Annotator "TA"]
[PlyCount "127"]
[EventDate "2021.10.27"]
[EventType "swiss"]
[EventCountry "LAT"]
[Tiebreak "Cut1 Buchholz+Sonneborn-Berger (Swiss)"]
[SourceTitle "playchess.com"]
[Source "ChessBase"]
[SourceQuality "1"]

{[%evp 12,127,31,29,48,39,31,8,24,16,32,10,25,16,17,23,37,0,0,0,70,42,70,62,
444,118,106,91,73,71,63,96,72,68,66,65,120,112,111,110,156,84,75,0,0,0,0,0,111,
109,135,0,0,0,0,0,0,0,0,0,0,0,0,0,0,0,505,478,562,562,562,562,562,562,562,562,
562,562,549,538,476,302,285,0,401,401,401,401,4710,4710,29982,29983,29983,
29984,29984,29978,29985,29974,29973,29974,29978,29979,29979,29980,29980,29981,
29981,29982,29982,29983,29982,29983,29982,29979,29979,29980,29979,29978]} 1. d4
Nf6 2. c4 g6 3. g3 Bg7 4. Bg2 O-O 5. Nc3 d6 6. Nf3 c6 7. e4 Be6 {E62: King's
Indian: Fianchetto: 6...c6 and Panno Variation (6...Nc6) without ...a6.} 8. Qe2
{[#]} Bg4 $146 ({Predecessor:} 8... Qc8 9. h3 d5 10. cxd5 cxd5 11. e5 Ne8 12.
Ng5 Nc7 13. Nxe6 Nxe6 14. Be3 Nc6 15. Nxd5 Nexd4 16. Nxe7+ Nxe7 17. Bxd4 {
1-0 (52) Heppert,L (1923)-Oram,T (1601) Nuremberg 2018}) 9. h3 Bxf3 {The
position is equal.} 10. Bxf3 Nfd7 11. Be3 c5 12. d5 Ne5 13. Bg2 Qb6 $1 {
[%cal Rb6b2]} 14. Rd1 Qb4 $1 15. Bf1 $1 b5 ({Better is} 15... Ned7 $11) 16.
cxb5 $14 c4 17. Qc2 Nf3+ (17... Rc8 $14) 18. Ke2 $16 Ne5 19. a3 Qa5 20. f4 Nd3
21. Kf3 Nxb2 {[%mdl 64] [#] Remove Defender} 22. Qxb2 {Bd4 is the strong
threat.} Bxc3 23. Qa2 Nd7 (23... Qxb5 $14 24. Rb1 (24. Qxc4 Qa5 $16) 24... Qa5)
24. Bxc4 Rfc8 25. Rc1 $36 {[%mdl 2048] White is in control.} Rc7 26. Be2 (26.
Rc2 $142) 26... Qa4 27. Rb1 (27. Bd3 $16) 27... Nc5 $1 $11 28. Bc4 Rac8 (28...
Nxe4 $2 29. Bb3 $16) 29. Rhc1 f5 30. exf5 $16 ({Inferior is} 30. Rxc3 Nxe4 31.
Rc2 Rxc4 $17) 30... gxf5 {[#]} 31. Bxc5 ({But not} 31. Rxc3 $6 Ne4 $11) ({
White should play} 31. g4 $1 $16) 31... Rxc5 $11 32. Bd3 Qd4 $1 {[%cal Rd4d3]}
33. Bxf5 {Strongly threatening Rd1.} Bd2 34. Rd1 Rc3+ 35. Kg2 Rxg3+ $1 36. Kh1
Qxf4 37. Be6+ $1 Kh8 $1 {( -> ...Qf3+)} 38. Qxd2 Qe4+ {[%mdl 8192]} (38... Qf3+
$1 $11 39. Kh2 Rc3 40. Qd4+ Rg7) 39. Kh2 $18 Rc2 40. Qxc2 Qxc2+ 41. Kxg3 Qc3+
42. Kg2 Qc2+ 43. Kf3 Qc3+ 44. Kf2 Qc5+ 45. Ke2 Qc2+ 46. Kf1 Qc3 47. Ke2 (47.
Bg4 $142) 47... Qc2+ $1 48. Ke3 Qc5+ 49. Kd2 Qxa3 (49... Qd4+ $142 50. Kc2 Qc4+
51. Kb2 Qxb5+ 52. Ka1 Qc5) 50. Rg1 {[%csl Ge6][%cal Rg1g8]} Qa2+ 51. Ke3 {
[%csl Ge6][%cal Rg1g8] White mates.} Qa3+ 52. Kf4 {[%csl Ge6][%cal Rg1g8]} Qa4+
53. Kf3 {[%csl Ge6][%cal Rg1g8]} Qa3+ 54. Kg2 Kg7 55. Rbf1 Qe3 56. Kh2+ Kh6 57.
Rf5 Qd3 58. Rg2 Qb1 59. Bd7 Qe4 60. Rgf2 Qe3 61. Be8 Qe4 62. Rh5+ Kg7 63. Rf7+
Kh8 64. Rfxh7+ {Weighted Error Value: White=0.19/Black=0.29} 1-0

[Event "FIDE Chesscom Grand Swiss 2021"]
[Site "Riga"]
[Date "2021.10.28"]
[Round "2.20"]
[White "Kravtsiv, Martyn"]
[Black "Svidler, Peter"]
[Result "1/2-1/2"]
[WhiteElo "2625"]
[BlackElo "2694"]
[Annotator "TA"]
[PlyCount "64"]
[EventDate "2021.10.27"]
[EventType "swiss"]
[EventCountry "LAT"]
[Tiebreak "Cut1 Buchholz+Sonneborn-Berger (Swiss)"]
[SourceTitle "playchess.com"]
[Source "ChessBase"]
[SourceQuality "1"]

{[%evp 15,64,0,22,0,17,0,14,0,3,0,0,0,0,0,6,0,0,0,0,0,0,-9,-12,-29,-28,-37,-27,
-30,-19,-28,-10,-10,-10,-10,-9,-10,-8,-10,-10,-9,-10,-5,-3,-4,-5,0,0,0,-2,-5,
-5]} 1. e4 c5 2. Nf3 d6 3. Bb5+ Nd7 4. d4 Ngf6 5. Nc3 cxd4 6. Qxd4 e5 7. Qd3 h6
8. O-O Be7 (8... a6 $5 {[%cal Ra6b5]} 9. Bc4 Nc5 $11) 9. Be3 {B51: Sicilian:
Moscow Variation (3 Bb5+) without 3...Bd7.} a6 10. Bc4 b5 11. Bd5 Rb8 12. Ba7
Nxd5 13. Nxd5 ({Reject} 13. exd5 Rb7 $15) 13... Rb7 14. Be3 Nf6 15. Nxf6+ Bxf6
16. Nd2 {[#]} O-O $146 ({Predecessor:} 16... Be6 17. Rfd1 O-O 18. Nb1 d5 19.
exd5 e4 20. Qb3 Bg4 21. Rd2 Be5 22. Bd4 Bf4 {0-1 (44) Okrugin,S (2373)
-Amonatov,F (2453) Voronezh 2002}) 17. c4 Be6 18. Rfd1 Qb8 19. Rac1 Rc8 20. b3
Be7 21. Rc2 Rc6 22. Rdc1 Rbc7 (22... Qe8 {looks sharper.} 23. f4 exf4 24. Bxf4
Qd8 25. Qg3 Bh4) 23. cxb5 {The position is equal.} Rxc2 24. Rxc2 Rxc2 25. Qxc2
Qxb5 26. Qc7 Qd7 27. Qxd7 Bxd7 $11 {KBB-KBN} 28. Nc4 Bc6 29. f3 f6 30. Nb6 h5
31. Nd5 Bd8 32. Bb6 Bxd5 {Weighted Error Value: White=0.04/Black=0.02} 1/2-1/2